000 00293nam a22001337a 4500
008 170727b xxu||||| |||| 00| 0 eng d
020 _a9780471059660
041 _aeng
080 _a004
100 _a31
101 _aSHK
245 _aUSING THE DATA WAREHOUSE
_cINMON,W.H
942 _2udc
_cBK
999 _c21997
_d21997